01401nam a2200349 a 4500001001200000003000800012006001900020007001500039008004100054010001700095020001500112020002400127040002100151035002100172050002200193082001600215245014600231260004400377300002400421490004600445504005100491533015200542650003600694650003500730655002900765700002300794700002500817710001700842830004900859856012600908999001701034ebr10070689CaPaEBRm u cr cn|||||||||981106r20021999enka sb 001 0 eng  z 98051386  z0415207711 z0203022955 (e-book) aCaPaEBRcCaPaEBR a(OCoLC)61459330414aHV51b.E53 2002eb04a361.6/522104aThe end of the welfare state?h[electronic resource] :bresponses to state retrenchment /cedited by Stefan Svallfors and Peter Taylor-Gooby. aLondon ;aNew York :bRoutledge,c2002. axii, 244 p. :bill.1 aRoutledge/ESA studies in European society aIncludes bibliographical references and index. aElectronic reproduction.bPalo Alto, Calif. :cebrary,d2009.nAvailable via World Wide Web.nAccess may be limited to ebrary affiliated libraries. 0aPublic welfarexPublic opinion. 0aWelfare statexPublic opinion. 7aElectronic books.2local1 aSvallfors, Stefan.1 aTaylor-Gooby, Peter.2 aebrary, Inc. 0aRoutledge/ESA studies in European societies.40uhttp://site.ebrary.com/lib/rucke/Doc?id=10070689zAn electronic book accessible through the World Wide Web; click to view c43198d43198